MARC

Tag First Indicator Second Indicator Subfields
LEADER 00000cam a2200000Ia 4500
001 in00002007147
005 20220105141539.0
006 m d
007 cr cnu---unuuu
008 031218s2003 ncuab sb 001 0 eng d
020 |a 0807862312 (electronic bk.) 
035 |a (OCoLC)ocm53929160 
040 |a N$T  |c N$T  |d OCLCQ  |d UtOrBLW 
043 |a cl----- 
049 |a IKMN 
050 1 4 |a F1413  |b .R33 2003eb 
082 0 4 |a 323.1/8/09  |2 22 
245 0 0 |a Race and nation in modern Latin America /  |c edited by Nancy P. Appelbaum, Anne S. Macpherson, and Karin Alejandra Rosemblatt ; with a foreword by Thomas C. Holt and an afterword by Peter Wade. 
246 3 0 |a Race & nation in modern Latin America 
264 1 |a Chapel Hill :  |b University of North Carolina Press,  |c [2003] 
264 4 |c ©2003 
300 |a xvi, 329 pages :  |b illustrations, maps ;  |c 25 cm. 
336 |a text  |b txt  |2 rdacontent 
337 |a computer  |b c  |2 rdamedia 
338 |a online resource  |b cr  |2 rdacarrier 
504 |a Includes bibliographical references (pages [283]-305) and index. 
505 0 |a Racial nations / Nancy P. Appelbaum, Anne S. Macpherson, and Karin Alejandra Rosemblatt -- Little middle ground : the instability of a mestizo identity in the Andes, eighteenth and nineteenth centuries / Sarah C. Chambers -- Belonging to the great Granadan family : partisan struggle and the construction of indigenous identity and politics in Southwestern Colombia, 1849-1890 / James Sanders -- Searching for "Latin America" : race and sovereignty in the Americas in the 1850s / Aims McGuinness -- Imagining the colonial nation : race, gender, and middle-class politics in Belize, 1888-1898 / Anne S. Macpherson -- 
505 0 |a From revolution to involution in the early Cuban Republic : conflicts over race, class, and nation, 1902-1906 / Lillian Guerra -- Interracial courtship in the Rio de Janeiro courts, 1918-1940 / Sueann Caulfield -- From mestizophilia to biotypology : racialization and science in Mexico, 1920-1960 / Alexandra Minna Stern -- Race, region, and nation : Sonora's anti-Chinese racism and Mexico's postrevolutionary nationalism, 1920s-1930s / Gerardo Renique -- Racializing regional difference : Sao Paulo versus Brazil, 1932 / Barbara Weinstein -- Race and nation in Latin America : An Anthropological View / Peter Wade. 
533 |a Electronic reproduction.  |b Boulder, Colo. :  |c NetLibrary,  |d 2003.  |n Available via World Wide Web.  |n Access may be limited to NetLibrary affiliated libraries. 
500 |a Electronic resource. 
651 0 |a Latin America  |x History  |y 1830-  |0 http://id.loc.gov/authorities/subjects/sh85074904 
650 0 |a Nationalism  |z Latin America  |x History. 
651 0 |a Latin America  |x Race relations.  |0 http://id.loc.gov/authorities/subjects/sh2008106678 
650 0 |a Race discrimination  |z Latin America  |x History. 
650 0 |a Ethnicity  |z Latin America  |x History. 
650 0 |a Identity (Psychology)  |z Latin America. 
650 0 |a Social classes  |z Latin America  |x History. 
650 0 |a Man-woman relationships  |z Latin America  |x History. 
655 7 |a Electronic books.  |2 local 
700 1 |a Appelbaum, Nancy P.  |0 http://id.loc.gov/authorities/names/n2002037771 
700 1 |a Macpherson, Anne S.  |0 http://id.loc.gov/authorities/names/n98023473 
700 1 |a Rosemblatt, Karin Alejandra.  |0 http://id.loc.gov/authorities/names/n00095531 
710 2 |a NetLibrary, Inc.  |0 http://id.loc.gov/authorities/names/no99080690 
776 1 |c Original  |z 080782769X  |z 0807854417  |w (DLC) 2002011044  |w (OCoLC)50253046 
856 4 1 |u https://proxy.library.tamu.edu/login?url=http://www.netLibrary.com/urlapi.asp?action=summary&v=1&bookid=101700  |z Connect to the full text of this electronic book  |t 0 
994 |a 92  |b IKM 
999 |a MARS 
999 f f |s 0dae6309-42e0-3867-8a37-22ff9bc9c9be  |i b7091d16-b8fc-39ab-a5e2-b6c091a9d82d  |t 0 
952 f f |a Texas A&M University  |b College Station  |c Electronic Resources  |d Available Online  |t 0  |e F1413 .R33 2003eb  |h Library of Congress classification 
998 f f |a F1413 .R33 2003eb  |t 0  |l Available Online